Which countries are the Disney Princesses from? - Statistics

General Stats
  • This quiz has been taken 365 times
    325 since last reset
  • The average score is 14 of 18
Answer Stats
Disney Princess Country % Correct
Aurora France
93%
Belle France
93%
Cinderella France
93%
Esmeralda France
93%
Pocahontas United States of America
92%
Tiana United States of America
92%
Mulan China
91%
Rapunzel Germany
87%
Snow White Germany
87%
Anna Norway
86%
Elsa Norway
86%
Merida United Kingdom
85%
Anastasia Russia
76%
Megara Greece
71%
Ariel Denmark
62%
Jasmine Iraq
44%
Moana Samoa | Tahiti | Polynesian Islands
37%
Nala South Africa
32%
No matching quizzes found
Score Distribution
Percent of People with Each Score
Percentile by Number Answered
Your Score History
You have not taken this quiz since the last reset